[Event "Schleswig Holstein-ch Seniors"]
[Site "Leck"]
[Date "2014.04.16"]
[Round "7"]
[White "Roehlk, Kai"]
[Black "Erich, Juergen"]
[Result "1/2-1/2"]
[WhiteElo "1784"]
[BlackElo "1911"]
[PlyCount "26"]
[EventDate "2014.04.12"]
[EventType "swiss"]
[EventRounds "9"]
[EventCountry "GER"]
[SourceTitle "EXT 2018"]
[Source "ChessBase"]
[SourceDate "2017.10.13"]
[SourceVersion "1"]
[SourceVersionDate "2017.10.13"]
[SourceQuality "1"]

1. e4 d5 2. exd5 Nf6 3. d4 Nxd5 4. c4 Nb6 5. h3 g6 6. Nf3 Bg7 7. Be3 0-0 8. Nc3 Nc6 9. Qd2 Re8 10. Be2 e5 11. 0-0-0 exd4 12. Nxd4 Nxd4 13. Bxd4 Bxd4 1/2-1/2

[Event "Schleswig Holstein-ch Seniors"]
[Site "Leck"]
[Date "2014.04.15"]
[Round "5"]
[White "Roehlk, Kai"]
[Black "Dittmann, Hans Adolf"]
[Result "0-1"]
[WhiteElo "1784"]
[BlackElo "2170"]
[PlyCount "76"]
[EventDate "2014.04.12"]
[EventType "swiss"]
[EventRounds "9"]
[EventCountry "GER"]
[SourceTitle "EXT 2018"]
[Source "ChessBase"]
[SourceDate "2017.10.13"]
[SourceVersion "1"]
[SourceVersionDate "2017.10.13"]
[SourceQuality "1"]

1. e4 c5 2. c3 Nf6 3. e5 Nd5 4. d4 cxd4 5. cxd4 d6 6. Nf3 e6 7. Nc3 Nc6 8. Bc4 Nxc3 9. bxc3 dxe5 10. dxe5 Qxd1+ 11. Kxd1 Bc5 12. Ke2 Ke7 13. Be3 Bxe3 14. Kxe3 b6 15. Rhd1 Bb7 16. Bb5 Rhd8 17. Rxd8 Rxd8 18. Bxc6 Bxc6 19. Nd4 Rc8 20. Nxc6+ Rxc6 21. Kd4 g5 22. Re1 Rc5 23. g3 Ra5 24. Re2 Ra4+ 25. c4 Ra3 26. Ke4 Kd7 27. f4 g4 28. Rc2 Kc6 29. Rb2 a6 30. Rf2 Ra4 31. f5 b5 32. Kd3 Rxc4 33. fxe6 fxe6 34. Rf7 Kd5 35. Rxh7 Ra4 36. Ke3 Rxa2 37. h4 gxh3 38. Rxh3 Kxe5 0-1

[Event "Schleswig Holstein-ch Seniors"]
[Site "Leck"]
[Date "2014.04.14"]
[Round "4"]
[White "Kunkel, Wolfgang"]
[Black "Roehlk, Kai"]
[Result "0-1"]
[WhiteElo "1719"]
[BlackElo "1784"]
[PlyCount "78"]
[EventDate "2014.04.12"]
[EventType "swiss"]
[EventRounds "9"]
[EventCountry "GER"]
[SourceTitle "EXT 2018"]
[Source "ChessBase"]
[SourceDate "2017.10.13"]
[SourceVersion "1"]
[SourceVersionDate "2017.10.13"]
[SourceQuality "1"]

1. g4 e5 2. Bg2 d5 3. c4 c6 4. cxd5 cxd5 5. Nc3 Ne7 6. d3 Nbc6 7. Bg5 f6 8. Bh4 Ng6 9. Bg3 Bb4 10. a3 Bxc3+ 11. bxc3 Be6 12. Rb1 Qd7 13. h3 0-0 14. Nf3 b6 15. Nh4 Nge7 16. 0-0 Rac8 17. f4 exf4 18. Bh2 g5 19. Nf3 h5 20. gxh5 Bxh3 21. Bxh3 Qxh3 22. Rf2 Nf5 23. Qb3 Ne3 24. Kh1 Kf7 25. c4 dxc4 26. dxc4 Kg7 27. Qc3 Kh6 28. Rg1 g4 29. Ne1 g3 30. Rxg3 fxg3 31. Qxe3+ Kg7 32. Rg2 Kf7 33. h6 Qe6 34. Qd3 gxh2 35. Rg7+ Ke8 36. h7 Ne7 37. Nf3 Qxc4 38. Qd5 Qc1+ 39. Kxh2 Qh6+ 0-1

[Event "Schleswig Holstein-ch Seniors"]
[Site "Leck"]
[Date "2014.04.12"]
[Round "1"]
[White "Roehlk, Kai"]
[Black "Rieckhoff, Joachim"]
[Result "1/2-1/2"]
[WhiteElo "1784"]
[BlackElo "1786"]
[PlyCount "69"]
[EventDate "2014.04.12"]
[EventType "swiss"]
[EventRounds "9"]
[EventCountry "GER"]
[SourceTitle "EXT 2018"]
[Source "ChessBase"]
[SourceDate "2017.10.13"]
[SourceVersion "1"]
[SourceVersionDate "2017.10.13"]
[SourceQuality "1"]

1. e4 d6 2. d4 Nf6 3. Nc3 g6 4. Be3 Bg7 5. h3 0-0 6. Qd2 Na6 7. 0-0-0 Bd7 8. Bh6 c5 9. Bxg7 Kxg7 10. Bxa6 bxa6 11. dxc5 Bc6 12. cxd6 Bxe4 13. Qe3 Qb6 14. Qxb6 axb6 15. f3 Bb7 16. Nge2 e6 17. Ng3 Rfd8 18. Nge4 Nd7 19. Rhe1 h6 20. b4 Rac8 21. Kb2 Rc4 22. a3 Rdc8 23. Re3 e5 24. Nd2 Rd4 25. Ndb1 Rc6 26. Red3 Rcxd6 27. Rxd4 Rxd4 28. Rxd4 exd4 29. Ne2 Kf6 30. Nxd4 Ke5 31. Ne2 f5 32. c4 g5 33. Nd2 Nf8 34. Kc3 Ng6 35. g3 1/2-1/2

[Event "Bad Wildungen Seniors op-B 1st"]
[Site "Bad Wildungen"]
[Date "2004.07.14"]
[Round "9"]
[White "Roehlk, Kai"]
[Black "Harke, Horst"]
[Result "1/2-1/2"]
[WhiteElo "1797"]
[BlackElo "1730"]
[PlyCount "24"]
[EventDate "2004.07.03"]
[EventType "swiss"]
[EventRounds "9"]
[EventCountry "GER"]
[SourceTitle "EXT 2006"]
[Source "ChessBase"]
[SourceDate "2005.11.24"]
[SourceVersion "1"]
[SourceVersionDate "2005.11.24"]
[SourceQuality "1"]

1. e4 c6 2. d4 d5 3. Nc3 dxe4 4. Nxe4 Bf5 5. Ng3 Bg6 6. Bc4 Nf6 7. N1e2 Nd5 8. 0-0 e6 9. f4 f5 10. Bd3 Nb4 11. Bc4 Nd5 12. Bd3 Nb4 1/2-1/2

[Event "Bad Wildungen Seniors op-B 1st"]
[Site "Bad Wildungen"]
[Date "2004.07.10"]
[Round "8"]
[White "Mueller, Wolfgang"]
[Black "Roehlk, Kai"]
[Result "1/2-1/2"]
[WhiteElo "1787"]
[BlackElo "1797"]
[PlyCount "40"]
[EventDate "2004.07.03"]
[EventType "swiss"]
[EventRounds "9"]
[EventCountry "GER"]
[SourceTitle "EXT 2006"]
[Source "ChessBase"]
[SourceDate "2005.11.24"]
[SourceVersion "1"]
[SourceVersionDate "2005.11.24"]
[SourceQuality "1"]

1. e4 e6 2. d4 d5 3. exd5 exd5 4. Nf3 Bg4 5. Be2 Nf6 6. Ne5 Bxe2 7. Qxe2 Be7 8. 0-0 c6 9. b3 0-0 10. Bb2 Nbd7 11. Nxd7 Qxd7 12. Nd2 Rae8 13. Qd3 Bd6 14. h3 Re7 15. Rae1 Rfe8 16. Rxe7 Rxe7 17. c4 a6 18. c5 Bb8 19. Nf3 h6 20. Bc1 Ne4 1/2-1/2

[Event "Bad Wildungen Seniors op-B 1st"]
[Site "Bad Wildungen"]
[Date "2004.07.08"]
[Round "6"]
[White "Roehlk, Kai"]
[Black "Lukovski, Lev"]
[Result "1/2-1/2"]
[WhiteElo "1797"]
[BlackElo "1948"]
[PlyCount "25"]
[EventDate "2004.07.03"]
[EventType "swiss"]
[EventRounds "9"]
[EventCountry "GER"]
[SourceTitle "EXT 2006"]
[Source "ChessBase"]
[SourceDate "2005.11.24"]
[SourceVersion "1"]
[SourceVersionDate "2005.11.24"]
[SourceQuality "1"]

1. e4 d6 2. d4 g6 3. Nc3 Bg7 4. Be3 c6 5. Qd2 Qa5 6. h3 h6 7. Nf3 Nd7 8. Bd3 e5 9. 0-0-0 b5 10. d5 Bb7 11. dxc6 Bxc6 12. Nxb5 Qxd2+ 13. Nxd2 1/2-1/2

[Event "Leverkusen op"]
[Site "Leverkusen"]
[Date "2004.02.02"]
[Round "3"]
[White "Roehlk, Kai"]
[Black "Schmidt, Werner"]
[Result "1-0"]
[WhiteElo "1806"]
[BlackElo "1429"]
[PlyCount "99"]
[EventDate "2004.01.12"]
[EventType "swiss"]
[EventRounds "9"]
[EventCountry "GER"]
[SourceTitle "EXT 2006"]
[Source "ChessBase"]
[SourceDate "2005.11.24"]
[SourceVersion "1"]
[SourceVersionDate "2005.11.24"]
[SourceQuality "1"]

1. e4 c5 2. c3 Nf6 3. e5 Ng8 4. d4 cxd4 5. cxd4 e6 6. Nc3 d5 7. f4 Bb4 8. Qg4 g6 9. Bd3 Nc6 10. Nf3 a6 11. 0-0 h5 12. Qg3 Nge7 13. a3 Bxc3 14. bxc3 Nf5 15. Bxf5 exf5 16. a4 Na5 17. Nd2 Be6 18. Ba3 Rc8 19. Rfb1 Qd7 20. Bb4 Nc4 21. Nb3 b6 22. a5 b5 23. Nc5 Qc6 24. Ra2 Rc7 25. Qg5 Ra7 26. Rf1 Qc8 27. Rf3 Rc7 28. Qg3 Rc6 29. Qg5 Rc7 30. Rg3 Ra7 31. Rf3 Rc7 32. Qg3 Rc6 33. Nd3 Kd8 34. Bc5 Qb7 35. Nb4 Rc8 36. Qg5+ Ke8 37. Nxa6 Ra8 38. Nb4 Rxa5 39. Rxa5 Nxa5 40. Rf1 Nb3 41. Bd6 Bc8 42. Rb1 Nd2 43. Ra1 Ne4 44. Qh4 Nxd6 45. exd6 Kf8 46. Qf6 Kg8 47. Nd3 Kh7 48. Nc5 Qc6 49. Qxf7+ Kh6 50. Ra7 1-0

[Event "GER Seniors Derby 01st"]
[Site "Germany"]
[Date "2002.08.15"]
[Round "1"]
[White "Sailer, Werner1111"]
[Black "Roehlk, Kai"]
[Result "1/2-1/2"]
[WhiteElo "1783"]
[BlackElo "1848"]
[PlyCount "31"]
[EventDate "2002.08.??"]
[EventType "swiss"]
[EventRounds "7"]
[EventCountry "GER"]
[SourceTitle "EXT 2006"]
[Source "ChessBase"]
[SourceDate "2005.11.24"]
[SourceVersion "1"]
[SourceVersionDate "2005.11.24"]
[SourceQuality "1"]

1. c4 c5 2. Nc3 Nc6 3. g3 g6 4. Bg2 Bg7 5. e4 e5 6. d3 d6 7. Nge2 Nge7 8. 0-0 0-0 9. Bg5 f6 10. Be3 a6 11. Qd2 Rb8 12. Bh6 Be6 13. Bxg7 Kxg7 14. Nd5 Qd7 15. Nb6 Qc7 16. Nd5 1/2-1/2